| 000 | 00682nam a2200169 4500 | ||
|---|---|---|---|
| 008 | 060208s1990 -hkab 000 1 eng | ||
| 090 |
_aPS3550 _bAn7m |
||
| 100 | 0 | _aAnonymous Christian. | |
| 245 | 1 | 0 |
_aMartyr of the catacombs {ch} : _ba tale of ancient Rome / _c[by an Anonymous Christian]. |
| 260 |
_aHong Kong : _bChristian Witness Press, _c1968 |
||
| 300 | _aii, 108 p. | ||
| 650 | 4 |
_aChurch history _yPrimitive and early church, ca. 30-600 _xFiction {ch}. |
|
| 651 | 4 |
_aRome _xHistory _yEmpire, 30 B.C.-476 A.D. _xFiction {ch}. |
|
| 655 | 4 | _aChristian fiction {ch}. | |
| 655 | 4 | _aHistorical fiction {ch}. | |
| 951 |
_pC-7180 _x00032317 _oPS3550/An7m _j070613111540734 _d2000-12-21 _cCH |
||
| 999 |
_c25840 _d25840 |
||